Caelum Philosophicum Ad contemplandum philosopho propositum : Seu Universa Philosophia quinquaginta quaestiones Philosophicas, Et totidem Urano-Sophicas De Caelorum, ac Syderum natura, structura, ac proprietatibus complectens. Adjectis quinquaginta apophtegmatis Politico-Moralibus /

Hlavní autor: Schaffgotsch, Ernst Wilhelm Graf von, Freiherr zu Kynast und Greiffenstein, 1704-1766
Další autoři: Bayer, Benedictus, 17./18. stol.
Jazyk: Latina
Vydáno: Pragae : Typis Wolffgangi Wickhart, Archi-Epischopalis, & Inclytorum Regni Bohemiae Statuum Typographi, 1721
Témata:
Externí odkaz: Digitalizovaný dokument (Exemplář z Národní knihovna České republiky)
Titulní list
Fyzický popis: [8], 587, [4] s. ; 2°
Knihy
Uloženo v:
LEADER 02494nam a2200397 a 4500
001 mzk03001039419
003 CZ BrMZK
005 20181111171202.0
007 ta
008 061013s1721 xr fr|||||00| ||latod
040 |a BOA001  |b cze 
072 7 |a 094  |x Staré tisky  |2 Konspekt  |9 12 
080 |a (0.068)094  |2 MRF 
100 1 |a Schaffgotsch, Ernst Wilhelm Graf von,  |c Freiherr zu Kynast und Greiffenstein,  |d 1704-1766  |4 aut 
245 1 0 |a Caelum Philosophicum Ad contemplandum philosopho propositum :  |b Seu Universa Philosophia quinquaginta quaestiones Philosophicas, Et totidem Urano-Sophicas De Caelorum, ac Syderum natura, structura, ac proprietatibus complectens. Adjectis quinquaginta apophtegmatis Politico-Moralibus /  |c In Celeberrimo Arhci-Episcopali Collegio ad S. Adalbertum Vetero-Pragae Praeside P. Benedicto Bayer, Sac. Canon. & Exempti Ordinis Praemonstratensis Regiae Ecclesiae Montis Sion Professo in praefato celeberrimo Achi-Epischopali Collegio Philosophiae Professore Ordinario & Actuali, Solemni Disputationi proposita ab Illustrissimo Domino, Domino Ernesto Wilhelmo Schaff:Gotsch, S. R. I. Comite, et Domino de Künast, et Greifenstein. Annô Domini M.DCC.XXI. Die 23. Julii. Horis post meridiem consuetis 
260 |a Pragae :  |b Typis Wolffgangi Wickhart, Archi-Epischopalis, & Inclytorum Regni Bohemiae Statuum Typographi,  |c 1721 
300 |a [8], 587, [4] s. ;  |c 2° 
500 |a Výzdoba: Vlysy, viněty, iniciály 
561 |a Provenience: Catalogo Collegii Bibliothecae Iglaviae inscriptus A. 1734 
561 |a Provenience: [razítko] Jez. Jihlava 
561 |a Provenience: [razítko] Jglauer Gymnasium 
563 |a Původní pergamenová vazba s hřbetem natřeným šedou a červenou barvou 
510 4 |a BCBT,  |c BCBT13860  |u https://knihoveda.lib.cas.cz/Record/BCBT13860 
655 7 |a staré tisky  |7 fd422076  |2 czenas 
700 1 |a Bayer, Benedictus,  |d 17./18. stol.  |4 aut 
856 4 2 |u https://books.google.cz/books?id=YUVdAAAAcAAJ&hl=cs&pg=PP5#v=onepage&q&f=false  |y Digitalizovaný dokument  |z Exemplář z Národní knihovna České republiky 
856 4 1 |u https://imageserver.mzk.cz/mzk03/001/039/419/001039419.titul.jp2  |y Titulní list 
903 |a RP 
910 |a BOA001  |b ST3-0087.346 
978 |b Wickhart, Volfgang  |a Praha  |c 1721 
984 |a Praha  |b Česko 
985 |a 1701-1750 
990 |a BK 
993 |a Y 
991 |k mzk 
996 6 |b 2619297206  |c ST3-0087.346  |l stud. ST  |r Sklad / do násl. otevíracího dne  |n 0  |w 001040147  |u 000010  |a 1  |e BOA001  |s P